000 00764nam a2200229 a 4500
001 000030186
005 20200930060120.0
008 110125s2006 dr 000 0 spa d
040 _aDO-SdBNP
_bspa
_cBNPHU
082 _a346.043
_bR426l, 2006
110 1 _aRepública Dominicana
_bSuprema Corte de Justicia
_97906
240 1 0 _a[Leyes, etc.]
245 1 0 _aLey 108-05 de registro inmobiliario.
250 _a3a. ed., con reglamento ampliada
260 _aMoca, República Dominicana :
_bDalis,
_c2006.
300 _a164 p. ;
_c23 cm.
650 4 _aLeyes
_zRepública Dominicana
_93033
650 4 _aBienes raíces
_xLegislación
_914523
650 4 _aBienes raíces
_zRepública Dominicana
_911842
710 1 _aSuprema Corte de Justicia
_935963
049 _aBNPD
999 _c29678
_d29678